| 000 | 01426nam a2200229Ia 4500 | ||
|---|---|---|---|
| 003 | OSt | ||
| 005 | 20240920100927.0 | ||
| 008 | 220201t2002||||xx |||||||||||||| ||und|| | ||
| 040 |
_aBoOrUTOFe _bEs _cBCE |
||
| 044 | _aBO | ||
| 082 |
_a 657/A93c _bA93c |
||
| 100 | _aAyaviri Garcia, Daniel | ||
| 245 | 0 | _aContabilidad básica y documentos mercantiles | |
| 250 | _a3 | ||
| 260 |
_aOruro: _bN-Dag, _c2002 |
||
| 300 |
_a486p. _bilus. _c23 cm |
||
| 500 | _aIncluye Índice | ||
| 520 | _aActos de comercio, requisitos para la apertura de un negocio, empresas, principios de la contabilidad generalmente aceptados, contabilidad, ecuación del balance y resultados, transacciones comerciales, la cuenta, libro diario y asientos contables, documentos mercantiles, formularios de contabilidad, asiento segun el ciclo contable, libro mayor, subcuentas, balance de comprobación de sumas y saldos, hoja de trabajo, asientos de ajuste, estados financieros, balance general, estado de resultados, contabilidad a base de efectivo y devengado, estudio de las existencias en inventarios de mercaderías de compra-venta, contabilización de asientos de ajuste, retenciones tributos fiscales del IUE, ciclo contable práctico, libros mayores, kardex de existencias, balance de comprobación de sumas y saldos, estados financieros básicos | ||
| 650 | _aContabilidad-Documentos Mercantiles | ||
| 655 | _aLibros de Texto | ||
| 942 |
_cLI _2ddc |
||
| 999 |
_c12419 _d12419 |
||